Statistiques concernant La Bible - Les chapitres de l'Ancien Testament

Cliquez ici pour prendre le quiz!

Statistiques générales

  • Ce quiz a été pris 10 fois
  • Le résultat moyen est 23 sur 39

Statistiques - réponses

LivresNombre de chapitre(s)% Correct
Exode40
90%
Genèse50
90%
Lévitique27
70%
Nombres36
70%
Deutéronome34
70%
Josué24
70%
Juges21
70%
Ruth4
70%
1 Samuel31
70%
Cantique des Cantiques8
70%
Psaumes150
70%
Job42
60%
Habacuc3
60%
Nahum3
60%
Ésaïe66
60%
Ecclésiaste12
60%
Proverbes31
60%
Esther10
60%
Néhémie13
60%
2 Rois25
60%
2 Samuel24
60%
1 Rois22
60%
Zacharie14
50%
Aggée2
50%
Sophonie3
50%
Michée7
50%
Jonas4
50%
Abdias1
50%
Joël3
50%
Amos9
50%
Osée14
50%
Daniel12
50%
Ézéchiel48
50%
Lamentations de Jérémie5
50%
Jérémie52
50%
1 Chroniques29
50%
2 Chroniques36
50%
Esdras10
50%
Malachie4
50%

Distribution des résultats

Percentile par nombre de réponses

% des personnes avec chaque résultat

Votre développement - résultats

Vous n’avez pas pris ce quiz